[Event "FIDE World Uni Rapid-E 1st"]
[Site "Tornelo INT"]
[Date "2021.03.21"]
[Round "8"]
[White "Lekomtsev, Maksim"]
[Black "Zelaya Contreras, Fatima"]
[Result "1-0"]
[WhiteElo "1847"]
[BlackElo "1348"]
[PlyCount "59"]
[EventDate "2021.03.20"]
[EventType "swiss (rapid)"]
[EventRounds "12"]
[EventCountry "NET"]
[SourceTitle "EXT 2022"]
[Source "ChessBase"]
[SourceDate "2021.10.06"]
[SourceVersion "1"]
[SourceVersionDate "2021.10.06"]
[SourceQuality "1"]

1. d4 g6 2. c4 Bg7 3. Nc3 d6 4. Nf3 Bf5 5. g3 Nf6 6. Bg2 0-0 7. 0-0 Nc6 8. d5 Na5 9. Nd2 c5 10. e4 Bd7 11. Qe2 Rb8 12. Rb1 a6 13. b4 cxb4 14. Rxb4 Ne8 15. Bb2 b6 16. f4 Bd4+ 17. Kh1 Bc5 18. a3 Bd4 19. e5 dxe5 20. fxe5 Nc7 21. Nce4 Bc5 22. Nxc5 bxc5 23. Rxb8 Qxb8 24. Bc3 Nb7 25. Rb1 Qa7 26. d6 Nxd6 27. exd6 Ne6 28. dxe7 Re8 29. Qe5 Bc8 30. Qh8# 1-0

[Event "FIDE World Uni Rapid-E 1st"]
[Site "Tornelo INT"]
[Date "2021.03.20"]
[Round "1"]
[White "Tsolakidou, Stavroula"]
[Black "Zelaya Contreras, Fatima"]
[Result "1-0"]
[WhiteElo "2379"]
[BlackElo "1348"]
[PlyCount "71"]
[EventDate "2021.03.20"]
[EventType "swiss (rapid)"]
[EventRounds "12"]
[EventCountry "NET"]
[SourceTitle "EXT 2022"]
[Source "ChessBase"]
[SourceDate "2021.10.06"]
[SourceVersion "1"]
[SourceVersionDate "2021.10.06"]
[SourceQuality "1"]

1. d4 d5 2. c4 e6 3. Nf3 f5 4. g3 Nf6 5. Bg2 c6 6. 0-0 Bd6 7. b3 0-0 8. Ba3 Ne4 9. Qc1 Rf6 10. Bxd6 Qxd6 11. Ne5 Rh6 12. Nd2 Nd7 13. Ndf3 Ndf6 14. Nd3 Bd7 15. c5 Qe7 16. Nfe5 Nh5 17. Nxd7 Qxd7 18. f3 Nef6 19. Ne5 Qe7 20. g4 fxg4 21. fxg4 Nxg4 22. Nxg4 Rg6 23. Ne5 Rf6 24. Qe3 Raf8 25. Rxf6 Nxf6 26. Rf1 Qe8 27. Qg5 h6 28. Qg3 Kh8 29. Ng6+ Kg8 30. Nxf8 Kxf8 31. Qe5 Kg8 32. Bh3 Qg6+ 33. Kh1 Ne4 34. Bxe6+ Kh8 35. Qb8+ Kh7 36. Qg8# 1-0

[Event "FIDE World Uni Blitz-D 1st"]
[Site "Tornelo INT"]
[Date "2021.03.13"]
[Round "7.40"]
[White "Arka, Sengupta"]
[Black "Zelaya Contreras, Fatima"]
[Result "1-0"]
[WhiteElo "1937"]
[BlackElo "1348"]
[PlyCount "109"]
[EventDate "2021.03.13"]
[EventType "swiss (blitz)"]
[EventRounds "10"]
[EventCountry "NET"]
[SourceTitle "EXT 2022"]
[Source "ChessBase"]
[SourceDate "2021.10.06"]
[SourceVersion "1"]
[SourceVersionDate "2021.10.06"]
[SourceQuality "1"]

1. d4 d5 2. c4 e6 3. Nc3 f5 4. cxd5 exd5 5. Bf4 Nf6 6. e3 c6 7. Bd3 Be7 8. Nf3 0-0 9. Ne5 Be6 10. Bg3 Ne4 11. f3 Nxg3 12. hxg3 Nd7 13. Nxd7 Qxd7 14. g4 h6 15. gxf5 Bxf5 16. Qc2 Rae8 17. Kd2 Bd6 18. Rae1 Rf7 19. Re2 Bg3 20. Rd1 Qe6 21. Kc1 Qg6 22. e4 dxe4 23. fxe4 Bg4 24. Bc4 Bxe2 25. Qxe2 Kh8 26. Bxf7 Qxf7 27. Kb1 Qf4 28. Rf1 Qd6 29. Qd3 Bh4 30. d5 cxd5 31. exd5 Bf6 32. Ne4 Qe5 33. Nxf6 gxf6 34. d6 Kg7 35. d7 Rd8 36. Rd1 Qe6 37. Qg3+ Kf7 38. Qc7 Ke7 39. Qxb7 Rxd7 40. Rxd7+ Qxd7 41. Qxd7+ Kxd7 42. Kc2 Kd6 43. b4 Kd5 44. Kd3 a6 45. g4 Ke5 46. a4 f5 47. gxf5 Kxf5 48. b5 axb5 49. a5 b4 50. a6 h5 51. a7 h4 52. a8Q h3 53. Qh1 Kg4 54. Kc4 b3 55. Kxb3 1-0

[Event "FIDE World Uni Blitz-D 1st"]
[Site "Tornelo INT"]
[Date "2021.03.13"]
[Round "5.44"]
[White "Porsia, Enzo"]
[Black "Zelaya Contreras, Fatima"]
[Result "1-0"]
[WhiteElo "1752"]
[BlackElo "1348"]
[PlyCount "73"]
[EventDate "2021.03.13"]
[EventType "swiss (blitz)"]
[EventRounds "10"]
[EventCountry "NET"]
[SourceTitle "EXT 2022"]
[Source "ChessBase"]
[SourceDate "2021.10.06"]
[SourceVersion "1"]
[SourceVersionDate "2021.10.06"]
[SourceQuality "1"]

1. e4 c5 2. Nf3 Nc6 3. d4 cxd4 4. Nxd4 g6 5. Nc3 Bg7 6. Be3 Nf6 7. Bc4 0-0 8. f3 d6 9. Qd2 Bd7 10. 0-0-0 Nxd4 11. Bxd4 Qc7 12. Bb3 b5 13. g4 a5 14. Kb1 a4 15. Bd5 Bc6 16. Bxc6 Qxc6 17. h4 Rfc8 18. h5 b4 19. Bxf6 exf6 20. Nd5 Qb7 21. hxg6 fxg6 22. Qh2 Bh8 23. Qxd6 Rc6 24. Ne7+ Kg7 25. Nxc6 b3 26. Qd7+ Qxd7 27. Rxd7+ Kg8 28. Rhxh7 bxc2+ 29. Kxc2 Rc8 30. Rc7 Re8 31. Rhe7 Rf8 32. Nd4 f5 33. Ne6 Rb8 34. Rb7 Rc8+ 35. Rec7 Ra8 36. exf5 gxf5 37. gxf5 1-0

[Event "FIDE World Uni Blitz-D 1st"]
[Site "Tornelo INT"]
[Date "2021.03.13"]
[Round "6.66"]
[White "Zelaya Contreras, Fatima"]
[Black "Nikhil, Raj Singh"]
[Result "1-0"]
[WhiteElo "1348"]
[BlackElo "1138"]
[PlyCount "67"]
[EventDate "2021.03.13"]
[EventType "swiss (blitz)"]
[EventRounds "10"]
[EventCountry "NET"]
[SourceTitle "EXT 2022"]
[Source "ChessBase"]
[SourceDate "2021.10.06"]
[SourceVersion "1"]
[SourceVersionDate "2021.10.06"]
[SourceQuality "1"]

1. d4 Nf6 2. Nf3 e6 3. e3 d5 4. Bd3 c5 5. b3 Nc6 6. 0-0 Be7 7. Bb2 0-0 8. Nbd2 b6 9. h3 cxd4 10. exd4 Nb4 11. Be2 Bb7 12. Re1 Rc8 13. c3 Nc6 14. Rc1 Ne4 15. Bd3 f5 16. Ne5 Nxe5 17. dxe5 Bg5 18. Bxe4 fxe4 19. Rc2 Qe7 20. c4 Qf7 21. Qe2 e3 22. fxe3 Qg6 23. Nf3 Rxf3 24. gxf3 Bh4+ 25. Kh1 Bxe1 26. Rc1 Bh4 27. Rg1 Qf5 28. Kh2 Rf8 29. f4 dxc4 30. Qxc4 Rd8 31. Qe2 Ba6 32. Qf2 Rd3 33. Qg2 Rxe3 34. Qxg7# 1-0

[Event "Lima-ch U16 Damas A"]
[Site "Lima"]
[Date "2017.01.13"]
[Round "3.6"]
[White "Oncoy Custodio, Shantal Tania"]
[Black "Zelaya Contreras, Fatima"]
[Result "1/2-1/2"]
[WhiteElo "1635"]
[BlackElo "1263"]
[PlyCount "33"]
[EventDate "2017.01.12"]
[EventType "swiss"]
[EventRounds "7"]
[EventCountry "PER"]
[SourceTitle "EXT 2024"]
[Source "ChessBase"]
[SourceDate "2023.10.10"]
[SourceVersion "1"]
[SourceVersionDate "2023.10.10"]
[SourceQuality "1"]

1. e4 c5 2. Nf3 e6 3. d4 cxd4 4. Nxd4 a6 5. a4 Qc7 6. Nc3 Nf6 7. Bd3 Nc6 8. Nxc6 bxc6 9. 0-0 d5 10. exd5 cxd5 11. Re1 Bb4 12. Bd2 0-0 13. Qe2 Bd6 14. h3 e5 15. Qd1 Rb8 16. Rb1 e4 17. Bf1 1/2-1/2

[Event "Lima-ch U16 Damas A"]
[Site "Lima"]
[Date "2017.01.13"]
[Round "2.8"]
[White "Zelaya Contreras, Fatima"]
[Black "Quintana Chanduvi, Daniela Sofia"]
[Result "1/2-1/2"]
[WhiteElo "1263"]
[BlackElo "1297"]
[PlyCount "28"]
[EventDate "2017.01.12"]
[EventType "swiss"]
[EventRounds "7"]
[EventCountry "PER"]
[SourceTitle "EXT 2024"]
[Source "ChessBase"]
[SourceDate "2023.10.10"]
[SourceVersion "1"]
[SourceVersionDate "2023.10.10"]
[SourceQuality "1"]

1. d4 Nf6 2. c4 e6 3. a3 d5 4. e3 Nbd7 5. Nf3 c5 6. b3 a6 7. Bb2 Qc7 8. Ne5 Bd6 9. f4 b6 10. Bd3 Bb7 11. 0-0 Ke7 12. Nd2 Ne4 13. Qc2 f6 14. Nxd7 Qxd7 1/2-1/2

[Event "Santiago de Surco Cup Santa Maria 1st"]
[Site "Santiago de Surco"]
[Date "2016.12.08"]
[Round "6.15"]
[White "Palao, Adriana"]
[Black "Zelaya Contreras, Fatima"]
[Result "1-0"]
[WhiteElo "1599"]
[BlackElo "1275"]
[PlyCount "30"]
[EventDate "2016.11.26"]
[EventType "swiss"]
[EventRounds "7"]
[EventCountry "PER"]
[SourceTitle "EXT 2024"]
[Source "ChessBase"]
[SourceDate "2023.10.10"]
[SourceVersion "1"]
[SourceVersionDate "2023.10.10"]
[SourceQuality "1"]

1. e4 c5 2. Nf3 Nc6 3. d4 cxd4 4. Nxd4 g6 5. Nc3 Bg7 6. Be3 Nf6 7. f3 d5 8. Bb5 Qd6 9. exd5 Nxd5 10. Nxd5 Bd7 11. Bxc6 bxc6 12. Nc3 Qb4 13. Rb1 0-0 14. 0-0 Rfd8 15. a3 Qb8 1-0

[Event "Santiago del Surco IRT Ricardo Palma"]
[Site "Santiago del Surco"]
[Date "2016.07.23"]
[Round "7.5"]
[White "Castillo Walde, Mayra Yamile"]
[Black "Zelaya Contreras, Fatima"]
[Result "1-0"]
[WhiteElo "1522"]
[BlackElo "1275"]
[PlyCount "49"]
[EventDate "2016.07.18"]
[EventType "swiss"]
[EventRounds "7"]
[EventCountry "PER"]
[SourceTitle "EXT 2024"]
[Source "ChessBase"]
[SourceDate "2023.10.10"]
[SourceVersion "1"]
[SourceVersionDate "2023.10.10"]
[SourceQuality "1"]

1. e4 c5 2. Nf3 Nc6 3. d4 cxd4 4. Nxd4 g6 5. Be3 Bg7 6. Qd2 Nf6 7. f3 0-0 8. Bc4 d5 9. exd5 Nxd5 10. Bxd5 Qxd5 11. Nc3 Qd8 12. 0-0-0 Bd7 13. Bh6 a6 14. h4 e5 15. Nb3 Be6 16. Qe3 Bxh6 17. Qxh6 Qf6 18. Nc5 Rab8 19. Nxe6 Qxe6 20. h5 Qf5 21. hxg6 Qxg6 22. Qh4 Kg7 23. Rh3 Kh8 24. Rdh1 h5 25. Rg3 1-0